Sedimentary rocks. (Record no. 20911)

MARC details
000 -LEADER
fixed length control field 00314nam a2200133Ia 4500
082 ## - DEWEY DECIMAL CLASSIFICATION NUMBER
Classification number 552.5
Item number PET
100 ## - MAIN ENTRY--AUTHOR NAME
Personal name PETTOJOHM, F J
245 #0 - TITLE STATEMENT
Title Sedimentary rocks.
250 ## - EDITION STATEMENT
Edition statement Ed.2
260 ## - PUBLICATION, DISTRIBUTION, ETC. (IMPRINT)
Place of publication Calcutta
Name of publisher Oxford
Year of publication 1957
650 ## - SUBJECT ADDED ENTRY--TOPICAL TERM
Topical Term Sedimentary rocks
942 ## - ADDED ENTRY ELEMENTS (KOHA)
Koha item type Books
Holdings
Withdrawn status Lost status Damaged status Not for loan Home library Current library Date acquired Full call number Accession Number Koha item type
        RRII Library RRII Library 16/12/2021 552.5 PET 01633 Books